000 00386nam a22000977a 4500
100 _aप्रकाश,ओम
_979711
245 _aपर्यावरण अध्‍ययन NCERT की पाठ्य पुस्‍तकों पर पूर्णतया आधारित
260 _aChnnai
_bMcGraw Hill
_c2020
650 _aपर्यावरण
_936465
942 _cHIN
999 _c63328
_d63328